000 00415nam a2200169Ia 4500
008 100917s9999 xx 000 0 und d
082 _b8981
100 _aभावे पु. भा.
245 _aव्याध
260 _b---
_c1970
365 _b4.5
520 _aकादंबरी
630 _aव्याध
650 _aकादंबरी
730 _aव्याध
942 _cBOOK
999 _c614375
_d614372